000 00738nac a22002657a 4500
001 BR6003263
003 BR-BrBNA
005 20240105113054.0
008 230509b bl.|||m| |||| 00| 0 por d
040 _aBR-BrBNA
_bpor
_cBiblioteca Nacional de Agricultura
072 _aL00
090 _a5214 BR6003263
100 1 _aCavalcanti, P.
245 1 _aO gado holandes
260 3 _aRio de Janeiro, GB (Brasil):
_bO campo,
_c[nd].
300 _a228 p.
490 _aColecao Agricola do O Campo (Brazil)
_vno. 1
_x
500 _aPublished after 1940
650 _aGADO HOLANDES
650 _aCRIACAO
650 _aMANEJO
650 _aESTRUTURA ANIMAL
909 _a202312
_bLúcia Elande
_c55
_dLúcia Elande
942 _2AGRIS
_n0
_cMS
999 _c261731
_d261731